000 00633nam a2200229Ia 4500
003 OSt
005 20220928113615.0
006 a|||||r|||| 00| 0
007 ta
008 220927b |||||||| |||| 00| 0 eng d
024 _a34220
037 _cTextual
040 _aSDCL
_cSDCL
_beng
041 _2eng
_aeng
082 _aP15,Cx1,1, M5
100 _aDavesar Indu
_9434022
245 0 _aPanineeya sutrapath aur Jainendra sutrapath ka tulnatamak adhyayan.
260 _aMerrut
_bAnu Books
_c1985
300 _avii,222p.
_ccm.
942 _hP15,Cx1,1, M5
_cTEXL
_2CC
999 _c750418
_d750418